|
|
|
|
| LEADER |
00000nam a2200000 a 4500 |
| 001 |
UCI8553 |
| 003 |
CL-VaPUC |
| 005 |
20250121170701.0 |
| 008 |
080911e20060000SP |||||||||||||||||spa|d |
| 999 |
|
|
|c 331393
|d 331391
|
| 020 |
|
|
|a 8497334191
|
| 040 |
|
|
|c Pontificia Universidad Católica de Valparaíso
|
| 082 |
0 |
4 |
|a 616.8522
|b ALM
|2 21
|
| 100 |
0 |
|
|a Almirall, Josep
|e author
|9 532066
|
| 245 |
1 |
0 |
|a Síntomas tempranos de la depresión
|
| 260 |
|
|
|a Barcelona
|b Fapa
|c 2006
|
| 300 |
|
|
|a 62 p
|
| 490 |
0 |
|
|a Autoayuda
|
| 583 |
|
|
|a last modification
|c 20080911 00:00:00
|k Rodrigo Vera
|
| 650 |
|
0 |
|a Depresión
|9 334267
|x Sintomas
|x Terapia
|
| 942 |
|
|
|c BK
|2 ddc
|
| 945 |
|
|
|d 20080911 00:00:00
|a rbrito
|
| 952 |
|
|
|0 0
|1 0
|4 0
|6 616_852200000000000_ALM_2006
|7 0
|8 A
|9 417964
|a BIBEDU
|b BIBEDU
|c ES_NOD
|d 2019-11-22
|i 448049K
|o 616.8522 ALM 2006
|p 448049K
|r 2023-08-09
|w 2019-11-22
|y BK
|k EBA
|